| 000 | 00421nam a2200169Ia 4500 | ||
|---|---|---|---|
| 003 | GCL | ||
| 008 | 140319s9999 xx 000 0 eng d | ||
| 040 |
_aGCL / _cGCL |
||
| 082 | 0 | 4 |
_a738 _bC P |
| 100 | 1 | _aCLARK, GARTH | |
| 245 | 1 | 0 |
_aTHE POTTER'S ART / _cCLARK, GARTH |
| 260 |
_aانجلترا : _bPHAIDON PRESS, LTD. |
||
| 300 |
_a32 CM ؛ _c240 P |
||
| 650 | 0 | 4 | _aPOTTERY |
| 650 | 0 | 4 | _aPOTTERS IN ART |
| 942 |
_2ddc _cBK |
||
| 999 |
_c6605 _d6605 |
||